[Event "Cybermalk X Brancao - Best of 3"]
[Site "http://www.queenalice.com/game.php?id=857005"]
[Date "2010.11.9"]
[Round "-"]
[White "cybermalk"]
[Black "brancao"]
[Result "0-1"]
[WhiteElo "1805"]
[BlackElo "1877"]

1. e4 e5 2. Nf3 Nc6 3. Bb5 a6 4. Bxc6 dxc6 5. d3 Bg4 6. Nc3 Bb4 7. Bd2 Bxf3 8.
Qxf3 Qd4 9. a3 Bc5 10. Be3 Qd6 11. Bxc5 Qxc5 12. O-O-O Ne7 13. Qg3 O-O 14. h4 b5
15. h5 h6 16. Ne2 a5 17. d4 exd4 18. Nxd4 Rad8 19. Nb3 Qa7 20. f4 a4 21. Na1 f5
22. e5 Rd4 23. Rxd4 Qxd4 24. Rd1 Qc4 25. Kb1 Nd5 26. b3 axb3 27. Rxd5 bxc2+ 28.
Nxc2 cxd5 29. Kb2 d4 30. Qb3 Qxb3+ 31. Kxb3 c5 32. a4 bxa4+ 33. Kxa4 d3 34. Ne3
Rb8 35. e6 Kf8 36. Nxf5 d2 37. Ne3 c4 38. Nd1 Ke7 39. f5 Kf6 40. g4 Kg5 41. Ne3
c3 0-1

[Event "AUTO-INT-1688"]
[Site "http://www.queenalice.com/game.php?id=859154"]
[Date "2010.11.15"]
[Round "2"]
[White "robertson"]
[Black "cybermalk"]
[Result "1-0"]
[WhiteElo "1626"]
[BlackElo "1756"]

1. e3 d5 2. Qf3 Nc6 3. Nc3 Nf6 4. h3 e5 5. a3 Be7 6. d3 d4 7. Nd1 dxe3 8. Nxe3
Nd4 9. Qd1 c6 10. c3 Nf5 11. Nf3 Nxe3 12. Bxe3 O-O 13. Nxe5 Bd6 14. Nf3 Re8 15.
Qd2 b6 16. Be2 Qe7 17. g4 Bc5 18. g5 Nd5 19. d4 Nxe3 20. fxe3 Bd6 21. O-O-O Qxe3
22. Rhe1 Qxd2+ 23. Kxd2 Bf5 24. Rf1 Bxh3 25. Rf2 Bf4+ 26. Kc2 Bg4 27. b4 Bxf3
28. Bxf3 Bxg5 29. Bxc6 h6 30. Bxa8 Rxa8 31. Re2 a5 32. b5 Rc8 33. d5 Rc5 34. d6
Rxb5 35. d7 Kh7 36. Rd6 g6 37. Rg2 Bd8 38. Re2 Rc5 39. Re8 Bc7 40. Rd3 b5 41.
Rc8 b4 42. Kb3 bxc3 43. Rxc3 Rxc3+ 44. Kxc3 Be5+ 45. Kc4 Bf6 46. a4 Be7 47. Ra8
Kg7 48. Rxa5 h5 49. Rd5 Bd8 50. a5 h4 51. a6 h3 52. Rd1 h2 53. Rh1 Kf8 54. Rxh2
Ke7 55. Rd2 g5 56. a7 1-0

[Event "AUTO-INT-1688"]
[Site "http://www.queenalice.com/game.php?id=859155"]
[Date "2010.11.15"]
[Round "2"]
[White "cybermalk"]
[Black "robertson"]
[Result "1-0"]
[WhiteElo "1752"]
[BlackElo "1611"]

1. d4 Nf6 2. Nc3 e6 3. Bg5 h6 4. Bh4 g5 5. Bg3 d6 6. e4 a6 7. h3 Bd7 8. e5 Nh7
9. Be2 d5 10. h4 Qe7 11. a3 Bc6 12. Qd2 Nd7 13. O-O-O gxh4 14. Bxh4 f6 15. Bh5+
Kd8 16. Bg6 Bg7 17. Qd3 Nhf8 18. Nf3 Nxg6 19. Qxg6 Qf8 20. Na2 a5 21. exf6 Bxf6
22. Bxf6+ Nxf6 23. Ne5 Be8 24. Qd3 Ne4 25. Rd2 Nxd2 26. Qxd2 Rg8 27. g3 h5 28.
Re1 c5 29. dxc5 Qxc5 30. Nd3 Qd6 31. Nf4 Bf7 32. Nc3 Qc5 33. Rxe6 Kc8 34. Re5
Ra6 35. Nfxd5 Kb8 36. Re2 Rd6 37. Ne4 Qxd5 38. Nxd6 Qa2 39. Qxa5 Qa1+ 40. Kd2
Bg6 41. Qd5 Rg7 42. Ne8 Rh7 43. Qe5+ Ka7 44. Nf6 Rh8 45. Nd7 Ka6 46. Qxh8 Qa2
47. Qf6+ Ka5 48. Qb6+ 1-0

[Event "AUTO-INT-1688"]
[Site "http://www.queenalice.com/game.php?id=859158"]
[Date "2010.11.15"]
[Round "2"]
[White "LOMBARDY"]
[Black "cybermalk"]
[Result "1/2-1/2"]
[WhiteElo "2124"]
[BlackElo "1751"]

1. e4 e5 2. Nf3 Nc6 3. d4 exd4 4. Bc4 h6 5. O-O Bd6 6. c3 a6 7. cxd4 b5 8. Bb3
Bb7 9. Nc3 Na5 10. Bc2 Qe7 11. a3 c6 12. e5 Bc7 13. Be4 O-O-O 14. a4 b4 15. Ne2
d6 16. Bf5+ Kb8 17. exd6 Bxd6 18. Bf4 g6 19. Bh3 g5 20. Bxd6+ Rxd6 21. Qc2 f6
22. Rfe1 Qg7 23. Qc5 Rd5 24. Qxb4 g4 25. Nf4 gxh3 26. g3 Rf5 27. Re8+ Ka7 28.
Rae1 Qc7 29. Nh4 Rxf4 30. Ng6 Rg4 31. Nxh8 c5 32. Qc3 Qc6 33. Qxc5+ Qxc5 34.
dxc5 f5 35. Nf7 f4 36. Nd6 fxg3 37. fxg3 h5 38. Nf5 Nf6 39. Rh8 Ne4 40. Rxh5 Nd2
41. Nh4 Nf3+ 42. Nxf3 Bxf3 43. Re7+ Bb7 44. Rxh3 Rxa4 45. Rhh7 Rb4 46. Rh6 Kb8
47. Rh8+ Ka7 48. h4 Rxb2 49. Rh6 Rc2 50. g4 Rxc5 51. g5 Rc1+ 52. Kf2 Rc2+ 53.
Ke1 Rc1+ 54. Kd2 Nb3+ 55. Kd3 Nc5+ 56. Kd2 Nb3+ 57. Kd3 Nc5+ 58. Kd2 Nb3+
1/2-1/2

[Event "AUTO-INT-1688"]
[Site "http://www.queenalice.com/game.php?id=859159"]
[Date "2010.11.15"]
[Round "2"]
[White "cybermalk"]
[Black "LOMBARDY"]
[Result "0-1"]
[WhiteElo "1735"]
[BlackElo "2035"]

1. e4 e5 2. Nf3 Nc6 3. Bb5 a6 4. Ba4 Nf6 5. Nc3 b5 6. Bb3 Bc5 7. d3 d6 8. Nd5
Nd4 9. Nxd4 Bxd4 10. c3 Bc5 11. Bg5 Be6 12. Nxf6+ gxf6 13. Bh4 O-O 14. Qf3 Kg7
15. Bxe6 fxe6 16. Qg4+ Kf7 17. Qh5+ Kg8 18. O-O-O Qe8 19. Qxe8 Raxe8 20. f3 f5
21. a3 Kf7 22. exf5 exf5 23. b4 Be3+ 24. Kc2 Rg8 25. Rde1 Rxg2+ 26. Kb1 Bd2 27.
Rd1 Bxc3 28. Rc1 Rb2+ 29. Ka1 Bd4 30. Rxc7+ Ke6 31. Bg3 Rc2+ 32. Kb1 Rxc7 33. f4
Rc3 34. fxe5 dxe5 0-1

[Event "AUTO-INT-1688"]
[Site "http://www.queenalice.com/game.php?id=859162"]
[Date "2010.11.15"]
[Round "2"]
[White "cybermalk"]
[Black "FranzMeM"]
[Result "1-0"]
[WhiteElo "1741"]
[BlackElo "1624"]

1. e4 e5 2. Nf3 Nc6 3. Bb5 Bd6 4. c3 a6 5. Bxc6 dxc6 6. d4 exd4 7. Qxd4 f6 8.
Na3 b6 9. O-O Bb7 10. Nc4 c5 11. Nxd6+ Qxd6 12. Qxd6 cxd6 13. Re1 O-O-O 14. Bf4
g5 15. Bg3 Nh6 16. h3 Rhe8 17. Nd2 b5 18. f3 a5 19. b3 Re7 20. c4 b4 21. a3 Rde8
22. axb4 axb4 23. Bxd6 Re6 24. Bxc5 f5 25. Bxb4 fxe4 26. fxe4 g4 27. h4 Nf7 28.
Ba5 Ne5 29. b4 Nd3 30. Rf1 Bxe4 31. Nxe4 Rxe4 32. c5 g3 33. Rf3 Nxb4 34. Bxb4
Rxb4 35. Ra8+ Rb8 36. Rxb8+ Kxb8 37. Rxg3 Re1+ 38. Kh2 Rc1 39. Rg8+ Kb7 40. Rg7+
Kc6 41. Rxh7 Rxc5 42. Kh3 Kd6 43. Rf7 Ke6 44. Rf1 Rh5 45. g4 Rh8 46. h5 Ke5 47.
Kh4 Ke4 48. g5 Ke3 49. h6 Ke2 50. Rf7 Ke3 51. Kh5 Ke4 52. g6 Re8 53. h7 Rh8 54.
Kh6 Ke5 55. g7 Re8 56. h8=Q Re6+ 57. Kh7 Kd6 58. Qd8+ Ke5 59. Re7 Kf5 60. Rxe6
Kxe6 61. g8=Q+ Kf5 62. Qgd5+ Kf4 63. Qf6+ Ke3 64. Qde5+ Kd3 65. Qfd6+ Kc4 66.
Qec5+ Kb3 67. Qdb6+ Ka2 68. Qca5# 1-0

[Event "AUTO-INT-1688"]
[Site "http://www.queenalice.com/game.php?id=859163"]
[Date "2010.11.15"]
[Round "2"]
[White "FranzMeM"]
[Black "cybermalk"]
[Result "1-0"]
[WhiteElo "1471"]
[BlackElo "1768"]

1. e4 e5 2. Nf3 Nc6 3. Bb5 Nf6 4. Nc3 d6 5. O-O Bd7 6. a3 a6 7. Bxc6 Bxc6 8. d3
Be7 9. b4 b6 10. a4 b5 11. axb5 axb5 12. Rxa8 Qxa8 13. Bg5 h6 14. Bxf6 Bxf6 15.
h3 O-O 16. Qe1 Qa3 17. Nb1 Qa4 18. Qc3 Qa6 19. Re1 Ra8 20. Nbd2 Qb6 21. Ra1
Rxa1+ 22. Qxa1 d5 23. Qe1 Qa7 24. c3 Qa3 25. Nb1 d4 26. cxd4 exd4 27. Nxa3 1-0

[Event "QA-ANNIV-06"]
[Site "http://www.queenalice.com/game.php?id=885039"]
[Date "2011.1.12"]
[Round "3"]
[White "TIGER86"]
[Black "cybermalk"]
[Result "1-0"]
[WhiteElo "2125"]
[BlackElo "1731"]

1. e4 e5 2. f4 exf4 3. Nf3 Nc6 4. d4 d6 5. Bxf4 Bg4 6. c3 h6 7. Bd3 g5 8. Bg3
Bg7 9. O-O Qd7 10. Nbd2 a6 11. Qc2 Nge7 12. Rae1 Bf6 13. e5 dxe5 14. Nxe5 Nxe5
15. Bxe5 Bxe5 16. Rxe5 O-O-O 17. Rxf7 Be6 18. Rxe7 Qxe7 19. Rxe6 Qf7 20. Nf3 Kb8
21. Re1 Rde8 22. Rxe8+ Qxe8 23. Ne5 h5 24. Bf5 g4 25. a4 Rf8 26. Nd7+ Ka8 27.
Ne5 Qe7 28. Be4 Qf6 29. Qe2 Qf4 30. Qxa6+ 1-0

[Event "AUTO-ADV-2098"]
[Site "http://www.queenalice.com/game.php?id=912394"]
[Date "2011.3.14"]
[Round "1"]
[White "cybermalk"]
[Black "justeldiablo"]
[Result "1-0"]
[WhiteElo "1772"]
[BlackElo "1824"]

1. d4 d5 2. Nc3 Nf6 3. Bf4 e6 4. a3 a6 5. e3 c5 6. Nf3 Bd6 7. g3 Bxf4 8. gxf4
cxd4 9. Nxd4 O-O 10. Qe2 Qd7 11. Bh3 Nc6 12. Nxc6 bxc6 13. Rg1 Qb7 14. b3 c5 15.
Qf3 Bd7 16. Qg3 g6 17. Qg5 Ne4 18. Nxe4 dxe4 19. f5 exf5 20. Bxf5 Bxf5 21. Qxf5
Rad8 22. Qxc5 Rd5 23. Qc4 Rfd8 24. Rg4 h5 25. Rf4 f5 26. Rd1 Kh7 27. Rxd5 Rxd5
28. f3 Qd7 29. Qe2 g5 30. fxe4 gxf4 31. Qxh5+ Kg7 32. exd5 Qxd5 33. Qg5+ Kf7 34.
Qxf4 Qh1+ 35. Kd2 Qd5+ 36. Qd4 Qg2+ 37. Kc3 Qxh2 38. Qa7+ Kg8 39. Qa8+ Kf7 40.
Qb7+ Kg8 41. Qc8+ Kg7 42. Qxf5 Qc7+ 43. Kb2 Qb6 44. Qd7+ Kg6 45. Qd3+ Kg5 46. e4
Kf4 47. Qc4 Qf6+ 48. e5+ Kxe5 49. Qc3+ Kf5 50. Qxf6+ Kxf6 51. Kc3 Ke5 52. Kc4
Kd6 53. Kb4 Kc6 54. c4 Kb6 55. c5+ 1-0

[Event "AUTO-ADV-2098"]
[Site "http://www.queenalice.com/game.php?id=912395"]
[Date "2011.3.14"]
[Round "1"]
[White "justeldiablo"]
[Black "cybermalk"]
[Result "1-0"]
[WhiteElo "1925"]
[BlackElo "1776"]

1. d4 d5 2. c4 Nf6 3. Bg5 e6 4. cxd5 exd5 5. Bxf6 Qxf6 6. Nc3 Bb4 7. Nf3 Bxc3+
8. bxc3 Nc6 9. e3 Bg4 10. Be2 a6 11. O-O Bxf3 12. Bxf3 O-O-O 13. Qb3 Qg5 14.
Rab1 b6 15. c4 dxc4 16. Qxc4 Rd6 17. Bxc6 Rxc6 18. Qxc6 Kb8 19. d5 Qf6 20. Qa4
b5 21. Rfc1 Rc8 22. Rc6 Qf5 23. Rxb5+ axb5 24. Qxb5+ 1-0

[Event "AUTO-ADV-2098"]
[Site "http://www.queenalice.com/game.php?id=912396"]
[Date "2011.3.14"]
[Round "1"]
[White "cybermalk"]
[Black "juim"]
[Result "1-0"]
[WhiteElo "1790"]
[BlackElo "1672"]

1. e4 e5 2. Nf3 d6 3. Bc4 Nc6 4. Nc3 Nd4 5. Nxd4 exd4 6. Qf3 f6 7. Ne2 c5 8. c3
Nh6 9. cxd4 Bg4 10. Qe3 Qe7 11. h3 Be6 12. d5 Bd7 13. d3 Qe5 14. f4 Qh5 15. Bd2
Ng4 16. Qf3 Be7 17. Ng3 Qg6 18. f5 Qf7 19. hxg4 O-O-O 20. Ba5 b6 21. Bd2 b5 22.
Bb3 g6 23. Rc1 g5 24. a3 h6 25. Qd1 Rh7 26. a4 b4 27. Bxb4 Kc7 28. Ba5+ Kb8 29.
Bxd8 Bxd8 30. Ba2 Kc8 31. Bc4 Ba5+ 32. Ke2 Kd8 33. Bb5 Bxb5 34. axb5 Qb7 35. Qa4
Bb6 36. Nh5 Rf7 37. Rh2 Bc7 38. Rch1 c4 39. dxc4 Bb6 40. Ng3 Bd4 41. Rxh6 Qb6
42. Rh8+ Ke7 43. Ra1 Qb7 44. b6 Bxb6 45. Qe8# 1-0

[Event "AUTO-ADV-2098"]
[Site "http://www.queenalice.com/game.php?id=912397"]
[Date "2011.3.14"]
[Round "1"]
[White "juim"]
[Black "cybermalk"]
[Result "1/2-1/2"]
[WhiteElo "1655"]
[BlackElo "1825"]

1. e4 e5 2. d3 Nf6 3. Bg5 Be7 4. Nc3 h6 5. Bxf6 Bxf6 6. Nd5 c6 7. Nxf6+ Qxf6 8.
Nf3 d5 9. c3 Bg4 10. Be2 Nd7 11. h3 Bxf3 12. Bxf3 Nb6 13. exd5 cxd5 14. O-O
O-O-O 15. Qb3 Rhe8 16. Qa3 Kb8 17. Rfe1 e4 18. dxe4 dxe4 19. Bxe4 Re6 20. f3 Qg5
21. Qb3 Rde8 22. a4 f5 23. a5 fxe4 24. axb6 Rxb6 25. Qa4 Qc5+ 26. Kh1 Qc6 27.
Qxa7+ Kc7 28. Qa2 Re7 29. b4 Ra6 30. Qc2 Rxa1 31. Rxa1 exf3 32. Rg1 fxg2+ 33.
Qxg2 Qxg2+ 34. Rxg2 g5 35. Rg3 Re5 36. Kg2 Rf5 37. Re3 h5 38. Re7+ Kb6 39. c4 g4
40. hxg4 hxg4 41. Kg3 Rg5 42. Re6+ Ka7 43. Re4 Kb8 44. Rxg4 Rf5 45. b5 Ka7 46.
Rf4 Rc5 47. Kf3 Kb6 48. Ke3 Ka5 49. Kd3 Kb4 50. Rd4 b6 51. Rf4 Re5 52. Rf1 Rg5
53. Rb1+ Kc5 54. Rc1 Rg3+ 55. Ke4 Rg4+ 56. Kd3 Rg3+ 1/2-1/2

[Event "QA-ANNIV-06"]
[Site "http://www.queenalice.com/game.php?id=924357"]
[Date "2011.4.10"]
[Round "4"]
[White "cybermalk"]
[Black "TheBigSid"]
[Result "0-1"]
[WhiteElo "1801"]
[BlackElo "2132"]

1. e4 e6 2. Nf3 d5 3. exd5 exd5 4. Bb5+ c6 5. Ba4 Bd6 6. O-O Ne7 7. d3 O-O 8.
Bg5 Bg4 9. h3 Bh5 10. Nc3 Nd7 11. Qd2 Bxf3 12. gxf3 Ne5 13. Qd1 Qd7 14. Kg2 Qf5
15. f4 N5g6 16. Qg4 Bxf4 17. Qxf5 Nxf5 18. Bxf4 Nxf4+ 19. Kh2 Nd4 20. Kg3 Nfe6
21. Rfe1 Rfe8 22. Bb3 a6 23. Ne2 g5 24. Nxd4 Nxd4 25. Rxe8+ Rxe8 26. c3 Nxb3 27.
axb3 f5 28. Kg2 Re2 29. Ra2 Kf7 30. Kf3 Rc2 31. Ke3 Kf6 32. Kf3 h5 33. c4 d4 34.
b4 Rd2 35. b5 axb5 36. cxb5 Rxd3+ 37. Kg2 Rd2 38. bxc6 bxc6 39. Ra6 Rxb2 40.
Rxc6+ Ke5 41. Rc5+ Ke4 42. Rc4 Kd5 43. Ra4 d3 44. Ra5+ Kd4 45. Rxf5 d2 46. Rf6
Kd3 47. Rd6+ Kc2 48. Rc6+ Kb1 49. Rd6 Kc1 50. Kf3 d1=Q+ 51. Rxd1+ Kxd1 52. Kg3
Ke2 53. h4 g4 0-1